Retratos literarios

Uloženo v:
Podrobná bibliografie
Hlavní autor: Sainte-Beuve, Charles Augustin (Autor)
Médium: Kniha
Jazyk:španělština
Vydáno: Barcelona Iberia 1955
Edice:Obras Maestras
Témata:
Tagy: Přidat tag
Žádné tagy, Buďte první, kdo vytvoří štítek k tomuto záznamu!

MARC

LEADER 00000nam a2200000 a 4500
001 UCO5391
003 CL-VaPUC
008 000901e19550000SP |||||||||||||||||spa|d
082 0 4 |a 840.09  |b SAI  |2 21 
100 0 |a Sainte-Beuve, Charles Augustin  |e author  |9 450148 
245 1 0 |a Retratos literarios 
300 |a 305 p 
942 |c BK 
945 |d 20000901 00:00:00  |a crobeson 
260 |a Barcelona  |b Iberia  |c 1955 
650 0 |a Literatura francesa  |9 266330 
650 0 |a Escritores franceses   |9 450149 
650 0 |a Historia y crítica   |9 257407 
583 |a last modification  |c 20000901 00:00:00  |k Rodrigo Vera 
490 0 |a Obras Maestras 
999 |c 291255  |d 291253 
952 |0 0  |1 0  |4 0  |6 840_090000000000000_SAI_1955  |7 0  |8 A  |9 341060  |a BIBART  |b BIBART  |d 2019-11-20  |i 1219804  |o 840.09 SAI 1955  |p 1219804  |r 2025-03-13  |w 2019-11-20  |y BK  |k ART